KOHA-Header-6

Financial Servicess Marketing A reader (Record no. 6220)

000 -LEADER
fixed length control field 00280nam a2200109Ia 4500
100 ## - MAIN ENTRY--AUTHOR NAME
Personal name Arthur Meidan
245 #0 - TITLE STATEMENT
Title Financial Servicess Marketing A reader
260 ## - PUBLICATION, DISTRIBUTION, ETC. (IMPRINT)
Place of publication India
Name of publisher Prentice Hall Inc.
Year of publication 1997
300 ## - PHYSICAL DESCRIPTION
Number of Pages 375
942 ## - ADDED ENTRY ELEMENTS (KOHA)
Koha item type Books
Holdings
Withdrawn status Lost status Collection code Permanent Location Current Location Shelving location Date acquired Full call number Accession Number Koha item type
    Finance MAJU MAJU Shelf No.A44 2019-09-07 338.5 2911 Finance

Powered by Koha